Sexism at work How can we stop it? Handbook for the EU institutions and agencies

Detalles Bibliográficos
Formato: eBook
Lenguaje:inglés
Publicado: Bruselas: European Union Publications Office, 2020
Materias:
Acceso en línea:Acceso restringido

MARC

LEADER 00000nam a22000007a 4500
005 20210825230638.0
007 cr|||| ||||
008 210825s2020 eu |||||s|||| 00||0 eng d
020 |a 978-92-9482-621-3 
035 |a 34281 
040 |a vLex 
090 |c 12131  |d 12131 
245 0 0 |a Sexism at work  |h [Recurso electrn̤ico] :  |b How can we stop it? Handbook for the EU institutions and agencies 
256 |a Servicio en ln̕ea 
260 |a Bruselas:  |b European Union Publications Office,  |c 2020 
300 |a 1 recurso electrn̤ico 
500 |a The focus of this handbook is to help organisations understand the nature of sexism in work contexts and to provide leadership, management and staff with the tools to tackle it. The focus is on informal mechanisms to foster cultural change. 
506 1 |a Disponible solo en los productos indicados  |d vLex Global  |d vLex Global (Academic Edition, excluding Law Schools)  |d vLex Global (U.S. Academic Edition, Law Schools)  |d vLex Global (U.S. Academic Edition, excluding Law Schools)  |d vLex Global (Academic Edition, Law Schools) 
650 0 4 |a Derecho Pb︢lico y Administrativo  |z Unin̤ Europea 
740 0 |a vLex Libros (Servicio en ln̕ea) 
856 4 0 |u https://app.vlex.com/#/sources/34281  |z Acceso restringido 
942 |c BOOK 
999 0 |a Public and Administrative Law